00650 a2200205 4500003000700000005001700007008004100024020001800065040002500083050001700108100001800125245008700143260004900230300003500279336002800314337003000342338002700372650002300399650002200422CBULib20250612082006.0231117b |||||||| |||| 00| 0 eng d a9780197619681 bEnglishcCBULiberda aBD 418.3 Tha aThagard, Paul aNaural philosophy : from social brains to knowledge, reality, morality, and beauty bOxford University Press, c2019aNew York :  axviii, 752300 : illustrations  2rdacontentaText |btxt 2rdamediaaUnmediated |bn 2rdacarrieraVolumebnc 0aPHILOSOPHY OF MIND 0aCOGNITIVE SCIENCE